Quizzes
Events
Quiz Creation
Community
Videos
Private Events
Remove Ads
Sign In
Join for FREE
Feedback
Dark Mode
Quiz Categories
Sports
Geography
Music
Movies
Television
Just For Fun
Miscellaneous
History
Literature
Language
Science
Gaming
Entertainment
Religion
Holiday
For Kids
Quiz Lab
Recent
Popular Today
Quiz Kudos Today
Editor Picks
Curator Picks
Quizzes by...
Day
Popularity
Type
Ratings
Length
Year
Community
Subscriptions
Recent Discussions
Orange Saloon
Badges
Playlists
Quests
Create
Leaderboards
Showdown
Live 5
Trivia Bingo
Activity
Puzzle Library
Sporcle Events
Private Events
Virtual Trivia
Globe League
Become a Host
Pub Owners
SporcleCon
Opinionation
Our Games
Videos
Blog
Mobile Apps
Partnerships
Remove Ads and Go Orange
Feedback
Sports
Athletes
MLB
NBA
NHL
NFL
Soccer
Sports Teams
WWE
NCAA
Football
Premier League
Basketball
Baseball
Hockey
Golf
Tennis
Cricket
Rugby
Auto Racing
Olympics
World Cup
Sports
Athletes
MLB
NBA
NHL
NFL
Soccer
Sports Teams
WWE
NCAA
Football
Premier League
Basketball
Baseball
Hockey
Golf
Tennis
Cricket
Rugby
Auto Racing
Olympics
World Cup
Random Quiz
Search Sporcle
×
Quiz Lab
Quiz Lab
Sports
lap
Type in answers that appear in a list
Type in answers that appear in a list
Classic
Best Score? Go Orange.
NASCAR Yearly Leader in Laps Led Stats
Can you name the NASCAR Driver Yearly to lead the most laps every year since 1960
By
RKOLEGACY0
14m
64 Questions
283 Plays
283 Plays
283 Plays
Comments
Comments
Give Quiz Kudos
Give Quiz Kudos
-
- Ratings
hide this ad
Replay
Link that replays current quiz
Next Quiz
Link to next quiz in quiz playlist
You Got
0%
They Got
Avg Score
84%
Avg Friend Score
Upgrade to see
Score Distribution
Jump to the score distribution portion of the page
Score
0/64
Timer
14:00
0
Plays Today
Year
Driver
% Correct
2023
Kyle Larson
100%
2004
Jimmie Johnson
98.6%
2008
Jimmie Johnson
98.6%
2009
Jimmie Johnson
98.6%
2010
Jimmie Johnson
98.6%
2012
Jimmie Johnson
98.6%
2013
Jimmie Johnson
98.6%
2020
Kevin Harvick
98.4%
1962
Richard Petty
97.9%
1964
Richard Petty
97.9%
1967
Richard Petty
97.9%
1968
Richard Petty
97.9%
1970
Richard Petty
97.9%
1971
Richard Petty
97.9%
1975
Richard Petty
97.9%
1986
Dale Earnhardt
97.9%
1987
Dale Earnhardt
97.9%
1988
Dale Earnhardt
97.9%
1989
Dale Earnhardt
97.9%
1990
Dale Earnhardt
97.9%
1995
Jeff Gordon
97.9%
1996
Jeff Gordon
97.9%
1999
Jeff Gordon
97.9%
2001
Jeff Gordon
97.9%
2002
Dale Earnhardt, Jr.
97.9%
2003
Jeff Gordon
97.9%
2007
Jeff Gordon
97.9%
2018
Kevin Harvick
97.9%
2019
Kyle Busch
97.9%
2011
Kyle Busch
96.8%
1993
Rusty Wallace
96.5%
1994
Rusty Wallace
96.5%
Year
Driver
% Correct
2000
Rusty Wallace
96.5%
1961
Junior Johnson
95.4%
1965
Junior Johnson
95.4%
2005
Tony Stewart
95.4%
2006
Tony Stewart
95.4%
2022
Chase Elliott
95.2%
2017
Martin Truex, Jr.
95.2%
2014
Kevin Harvick
94.7%
2015
Kevin Harvick
94.7%
2021
Kyle Larson
94.1%
1997
Dale Jarrett
92.9%
1998
Mark Martin
92.6%
1979
Darrell Waltrip
92.2%
1981
Darrell Waltrip
92.2%
1982
Darrell Waltrip
92.2%
1983
Darrell Waltrip
92.2%
1984
Darrell Waltrip
92.2%
2016
Martin Truex, Jr.
92.2%
1972
Bobby Allison
91.9%
1973
Cale Yarborough
91.9%
1974
Cale Yarborough
91.9%
1976
Cale Yarborough
91.9%
1977
Cale Yarborough
91.9%
1978
Cale Yarborough
91.9%
1980
Cale Yarborough
91.9%
1992
Davey Allison
91.9%
1985
Bill Elliott
91.2%
1966
David Pearson
73.1%
1991
Harry Gant
73.1%
1969
Bobby Isaac
60.8%
1963
Fred Lorenzen
37.8%
1960
Glen Wood
12%
Quiz Playlist
Details
Report
Send in Message
Add To Playlist
Classic:
Type in answers that appear in a list
Last Updated: Nov 19, 2017
Quiz Scoreboard
CHALLENGE
Sign Up to Join the Scoreboard
Show All
Scores
Hide
Comments
May contain spoilers
Recently Published
9x9 Crossword: Cartoon Network
by jackfrog10
Miscellaneous
3m
College Basketball Coaching Resumes
by pancakes188
Sports
9m
Billboard Blitz: Fleetwood Mac
by CooCooCachoo
Music
15s
More to Explore
Quiz From the Vault
Featured Blog Post
Where Did the Easter Bunny Come From?
hide this ad
You Might Also Like...
Tags
1960
car
Driver
lap
lead
Leader
NASCAR
Nascar Driver
Today's Top Quizzes in Sports
Browse Sports
hide this ad
Top Contributed Quizzes in Sports
1
2022 World Cup Stars
2
Les meilleurs buteurs des matchs entre le PSG et l’OM
3
FIFA Club World Cup Champions
4
Les entraîneurs de l'OM et du PSG au 21e siècle
5
Criteria MLB: Left Handed Sluggers
6
AFC Teams Reveal (Wrong Answers Minefield)
7
2023 MLB Unique Player Accomplishments
8
5-to-1: FBS Animal Nicknames
9
Players with Multiple 50 Home Run Seasons
10
5-to-1: UK Sports Teams
Explore More
Trending Topics
Crossword
Kpop
Anime
NBA
Disney
Harry Potter
Marvel
NFL
Pokémon
Soccer
WWE
Song
Country
The Office
Puzzle
hide this ad
More By:
RKOLEGACY0
Quiz
Plays
Rating
Category
Featured
Created
D-Generation X Members
81,677
3.98
Sports
Sep 13, 2012
Edge WWE PPV Opponents
13,884
4.32
Sports
Nov 10, 2011
Wrestlers with the most WWE PPV Matches
11,236
4.23
Sports
Jan 8, 2012
History of the WWE Championship
5,924
4.50
Sports
Feb 9, 2012
MLB Top 100 Hitters of All Time
5,909
4.56
Sports
May 10, 2013
Go to Creator's Profile
Score Distribution
Quiz Creator Spotlight
RKOLEGACY0
Follow
Send a Message
Quizzes Created
-
Created Quiz Play Count
-
More By This Creator
Popular Quizzes Today
1
Find the US States - No Outlines Minefield
2
Find the Countries of Europe - No Outlines Minefield
3
The Countries of the World
4
Find the US States
5
Risky Map Clicking: Biggest States A-Z
6
US States
7
Popular People in 1961
8
Movies - When Are They Set?
More Sports Quizzes
Basketball Champions! 🏀
Quiz Lab
Trending Quizzes
Risky Map Clicking: Least Populous States A-Z
1-10 Letter G Words
1-10 Letter F Words
Risky Map Clicking: Next State Alphabetically
Adjectives in 80s TV Shows
Recently Updated
Leaping Animals
pecheneg
Reality TV Shows (A-Z)
bhenderson79
Rickey Henderson's Hall of Fame Teammates
pecheneg
Champions League XIs: Arsenal
pecheneg
Quick Pick: Celebrities in WWE's Hall of Fame
aduchscher
A-Z Keypad Blitz II
pecheneg
Multiple Oscar Actors
pecheneg
Mystery Phrase Blitz: Oscar 'Best Actors'
pecheneg
F. Scott Fitzgerald Novels
LTH
Pick 3 Villains
ddd62291
Trending Topics
Disney
Anime
Crossword
NBA
Kpop
Harry Potter
Marvel
WWE
Country
The Office
Puzzle
Soccer
Song
Pokémon
NFL
Your Account Isn't Verified!
In order to create a playlist on Sporcle, you need to verify the email address you used during registration. Go to your
Sporcle Settings
to finish the process.
Report this User
Report this user for behavior that violates our
Community Guidelines
.
Details:
Send Report
Go to the Sporcle.com Mobile Site →
Comments